Statystyki dla Kierowcy F1 2010

Kliknij tutaj aby rozwiązać quiz!

Ogólne statystyki

  • Ten quiz został rozwiązany 46 razy
  • Średni wynik to 17 z 27

Statystyki odpowiedzi

ZespółKierowca% Poprawnych
Fernando Alonso
100%
Lewis Hamilton
100%
Nico Rosberg
100%
Red Bull RacingSebastian Vettel
100%
Renault F1 TeamRobert Kubica
97%
Scuderia Ferrari MarlboroFelipe Massa
95%
Mercedes GP Petronas F1 TeamMichael Schumacher
92%
Mark Webber
90%
Vodafone McLaren MercedesJenson Button
85%
Nico Hulkenberg
72%
AT&T WilliamsRubens Barrichello
67%
Vitaly Petrov
59%
Force India F1 TeamAdrian Sutil
56%
Lotus RacingJarno Trulli
56%
Kamui Kobayashi
54%
Nick Heidfeld
51%
Virgin RacingTimo Glock
51%
Heikki Kovalainen
49%
Bruno Senna
46%
Scuderia Toro RossoSebastien Buemi
46%
Vitantonio Liuzzi
41%
BMW Sauber F1 TeamPedro de la Rosa
38%
Jaime Alguersuari
33%
Lucas di Grassi
31%
Hispania Racing F1 TeamKarun Chandhok
28%
Christian Klien
21%
Sakon Yamamoto
15%

Rozkład punktacji

Percentyl według liczby udzielonych odpowiedzi

Procent ludzi z każdym wynikiem

Twoja historia wyników

Nie rozwiązałeś tego quizu